Т. 124, вып. 3; Оптика и спектроскопия

מידע ביבליוגרפי
Parent link:Оптика и спектроскопия: научный журнал/ Российская академия наук (РАН). Т. 124, вып. 3.— , 1956-
סיכום:Электронная версия печатной публикации
שפה:רוסית
יצא לאור: 2018
נושאים:
גישה מקוונת:http://journals.ioffe.ru/issues/1821
פורמט: אלקטרוני ספר
KOHA link:https://koha.lib.tpu.ru/cgi-bin/koha/opac-detail.pl?biblionumber=576365

MARC

LEADER 00000nam2a2200000 4500
001 576365
005 20231101130248.0
035 |a (RuTPU)RU\TPU\prd\275442 
035 |a RU\TPU\prd\275249 
090 |a 576365 
100 |a 20180220a19569999k y0rusy50 ca 
101 0 |a rus 
102 |a RU 
181 0 |a i  
182 0 |a b 
200 0 |a Т. 124, вып. 3  |b Электронный ресурс 
203 |a Текст  |c электронный 
210 |d 2018 
300 |a Электронная версия печатной публикации 
461 1 |0 (RuTPU)RU\TPU\prd\1660  |t Оптика и спектроскопия  |o научный журнал  |f Российская академия наук (РАН)  |v Т. 124, вып. 3  |d 1956- 
610 1 |a электронный ресурс 
801 0 |a RU  |b 63413507  |c 20010227  |g PSBO 
801 1 |a RU  |b 63413507  |c 20170309 
801 2 |a RU  |b 63413507  |c 20220222  |g RCR 
856 4 0 |u http://journals.ioffe.ru/issues/1821 
942 |c BK